Communicating science to the public (Record no. 37910)

MARC details
000 -LEADER
fixed length control field 01206nam a2200241 a 4500
008 - FIXED-LENGTH DATA ELEMENTS--GENERAL INFORMATION
fixed length control field 080109s1987 ||||||||||||||||| || u
020 ## - INTERNATIONAL STANDARD BOOK NUMBER
International Standard Book Number 0471915114
050 ## - LIBRARY OF CONGRESS CALL NUMBER
Classification number Q 223 Com
100 ## - MAIN ENTRY--PERSONAL NAME
Personal name O'Connor, Maeve
245 10 - TITLE STATEMENT
Title Communicating science to the public
Statement of responsibility, etc. edited by David Evered
260 ## - PUBLICATION, DISTRIBUTION, ETC.
Place of publication, distribution, etc. New York:
Name of publisher, distributor, etc. John Wiley and Sons
Date of publication, distribution, etc. 1987
300 ## - PHYSICAL DESCRIPTION
Extent ix, 214p.: ill.
350 ## - PRICE (NR) (BK AM CF MU VM SE) [OBSOLETE]
Price 0.00
490 ## - SERIES STATEMENT
Series statement Ciba Foundation conference
500 ## - GENERAL NOTE
General note "Editors: David Evered (organizer) and Maeve O'Connor"--P. v. -Papers presented at the Conference on the Communication of Science, held at the Ciba Foundation, London, 14-16 Oct. 1986. -"A Wiley-Interscience publication." -Includes bibliographies and indexes.
650 ## - SUBJECT ADDED ENTRY--TOPICAL TERM
Topical term or geographic name entry element SCIENCE NEWS--CONGRESSES
650 ## - SUBJECT ADDED ENTRY--TOPICAL TERM
Topical term or geographic name entry element COMMUNICATION IN SCIENCE--CONGRESSES
700 ## - ADDED ENTRY--PERSONAL NAME
Personal name Evered, David
710 ## - ADDED ENTRY--CORPORATE NAME
Corporate name or jurisdiction name as entry element Conference on the Communication of Science (1986 : Ciba Foundation)
856 ## - ELECTRONIC LOCATION AND ACCESS
Uniform Resource Identifier <a href="http://www.loc.gov/catdir/toc/onix02/87008261.html">http://www.loc.gov/catdir/toc/onix02/87008261.html</a>
856 ## - ELECTRONIC LOCATION AND ACCESS
Uniform Resource Identifier <a href="http://www.loc.gov/catdir/description/wiley032/87008261.html">http://www.loc.gov/catdir/description/wiley032/87008261.html</a>
995 ## - RECOMMENDATION 995 [LOCAL, UNIMARC FRANCE]
-- 0.00
-- CBU-MAIN LIBRARY (Kitwe)
-- 1
-- 62.50
-- 1
-- AVAILABLE
-- Annex Low-Usage Collection
Holdings
Withdrawn status Lost status Source of classification or shelving scheme Damaged status Not for loan Home library Current library Shelving location Date acquired Total Checkouts Full call number Barcode Date last seen Price effective from Koha item type
          CBU-MAIN LIBRARY, KITWE. CBU-MAIN LIBRARY, KITWE.   11/30/2022   Q 223 Com 011044 11/30/2022 11/30/2022 MONOGRAPH